000 00753nam a2200217Ia 4500
003 GCL
005 20240530095316.0
008 140319s9999 xx 000 0 ara d
020 _a6365904977
040 _aGCL /
_cGCL
082 0 4 _a301.20962
_bق/ب ح
100 1 _aبيومى قنديل
245 1 0 _aحاضر الثقافة فى مصر /
_cبيومى قنديل
260 _aالقاهرة :
_bدار الوفاء للطباعة والنشر والتوزيع ،
_c1999
300 _a342 ص ؛
_c24 سم
650 0 4 _aالحضارة الفرعونية
650 0 4 _aالحضارة المصرية القديمة
650 0 4 _aمصر - الاحوال الثقافية
650 0 4 _aمصر - التنمية الثقافية
942 _2ddc
_cBK
999 _c6013
_d6013